[Event "NM for klubblag 2010"]
[Site "Drammen"]
[Date "2010.10.08"]
[Round "1"]
[Board "1"]
[White "Dahl, Ivar M"]
[Black "Gullaksen, Eirik"]
[Result "0-1"]
[WhiteElo "2024"]
[BlackElo "2323"]
[PlyCount "120"]
[EventDate "2010.??.??"]
[WhiteTeam "Bærum"]
[BlackTeam "Bergens"]

1. Nf3 g6 2. g3 Bg7 3. Bg2 e5 4. O-O Nc6 5. c4 d6 6. Nc3 Nge7 7. Rb1 a6 8. b4
Rb8 9. b5 axb5 10. Rxb5 O-O 11. d3 h6 12. Nd5 Bd7 13. Rb1 b6 14. e3 Ra8 15. Qb3
Ra7 16. Nd2 Nxd5 17. cxd5 Ne7 18. a3 Qc8 19. Bb2 Bh3 20. Rfc1 Bxg2 21. Kxg2 f5
22. f3 h5 23. Nc4 Qa8 24. e4 Kh7 25. Rf1 Qe8 26. Bc1 Ng8 27. Bg5 Bf6 28. Bd2
Bg7 29. Qb5 Nf6 30. Qxe8 Rxe8 31. Rb3 Bh6 32. Be1 Nd7 33. Bf2 Rf8 34. Ra1 g5
35. h3 g4 36. hxg4 hxg4 37. fxg4 fxe4 38. dxe4 Nf6 39. Rh1 Kg6 40. Re1 Ra4 41.
Rb4 Rfa8 42. Be3 b5 43. Bxh6 Rxb4 44. axb4 Kxh6 45. Ne3 Kg5 46. Rc1 Nxg4 47.
Nxg4 Kxg4 48. Rxc7 Ra2+ 49. Kf1 Kf3 50. Ke1 Kxe4 51. Rb7 Kxd5 52. Rxb5+ Kd4 53.
Ra5 Rb2 54. Ra4 d5 55. g4 Ke3 56. Ra3+ Kf4 57. g5 Rxb4 58. g6 Rb7 59. Ra6 Kf5
60. Ke2 Rg7 0-1

[Event "NM for klubblag 2010"]
[Site "Drammen"]
[Date "2010.10.08"]
[Round "1"]
[Board "2"]
[White "Gabrielsen, Stig"]
[Black "Rambø, Jan-Bjarne"]
[Result "1-0"]
[WhiteElo "2274"]
[BlackElo "1612"]
[PlyCount "65"]
[EventDate "2010.??.??"]
[WhiteTeam "Bergens"]
[BlackTeam "Bærum"]

1. e4 e5 2. Nf3 Nc6 3. Bb5 a6 4. Ba4 Nf6 5. O-O Be7 6. Re1 b5 7. Bb3 d6 8. c3
O-O 9. h3 Na5 10. Bc2 c5 11. d4 Nd7 12. Nbd2 cxd4 13. cxd4 Nc6 14. Nf1 exd4 15.
Nxd4 Nxd4 16. Qxd4 Ne5 17. Ne3 Bxh3 18. f4 Nc6 19. Qc3 Bd7 20. Nd5 Rc8 21. Bd2
Bh4 22. Rec1 Ne5 23. Qb3 Nc4 24. Bc3 Bg3 25. Bf6 gxf6 26. Qxg3+ Kh8 27. Qh4 Rg8
28. Nxf6 Rg7 29. e5 Ne3 30. Bxh7 Nxg2 31. Qh6 Rxc1+ 32. Rxc1 Ne3+ 33. Bg6+ 1-0

[Event "NM for klubblag 2010"]
[Site "Drammen"]
[Date "2010.10.08"]
[Round "1"]
[Board "3"]
[White "Bergersen, Per A"]
[Black "Martinsen, Stig K"]
[Result "0-1"]
[WhiteElo "1572"]
[BlackElo "2160"]
[PlyCount "44"]
[EventDate "2010.??.??"]
[WhiteTeam "Bærum"]
[BlackTeam "Bergens"]

1. e3 g6 2. f4 Bg7 3. Nf3 c5 4. Nc3 d6 5. Bb5+ Nd7 6. O-O Ngf6 7. a4 e6 8. Qe1
a6 9. Be2 b6 10. e4 Bb7 11. d3 Qc7 12. Nd2 O-O-O 13. Bf3 h6 14. Nc4 d5 15. exd5
exd5 16. Ne5 Rde8 17. Qg3 Re7 18. Nxd7 Qxd7 19. Bd2 Rhe8 20. b3 Ne4 21. Bxe4
dxe4 22. Rae1 e3 0-1

[Event "NM for klubblag 2010"]
[Site "Drammen"]
[Date "2010.10.08"]
[Round "1"]
[Board "5"]
[White "Botheim, Tor"]
[Black "Persen, Ole Morten"]
[Result "1-0"]
[WhiteElo "1931"]
[BlackElo "1590"]
[PlyCount "101"]
[EventDate "2010.??.??"]
[WhiteTeam "1911 2"]
[BlackTeam "Modum"]

1. e4 c5 2. Nf3 Nc6 3. d4 cxd4 4. Nxd4 Nf6 5. Nc3 e5 6. Ndb5 d6 7. Bg5 a6 8.
Na3 b5 9. Bxf6 gxf6 10. Nd5 Bg7 11. Bd3 O-O 12. c3 Ne7 13. Qh5 f5 14. Nxe7+
Qxe7 15. O-O d5 16. exf5 e4 17. Be2 b4 18. cxb4 Bxb2 19. Rab1 Qf6 20. Nc2 Bxf5
21. Ne3 Bg6 22. Nxd5 Qe6 23. Qh4 Qxd5 24. Rxb2 Rfd8 25. Qg3 Kh8 26. Qc3+ Kg8
27. Qe3 Rd6 28. h3 Bf5 29. Rd1 Qe5 30. Rxd6 Qxd6 31. Qd2 Qg6 32. Rb3 Qf6 33.
Rg3+ Kf8 34. Qc3 Qxc3 35. Rxc3 Rb8 36. a3 Rc8 37. Rxc8+ Bxc8 38. Kf1 Ke7 39.
Bc4 f5 40. g3 Kf6 41. Ke2 Ke5 42. Ke3 Bb7 43. h4 h6 44. a4 Bc8 45. a5 Bb7 46.
b5 axb5 47. Bxb5 Bd5 48. a6 Ke6 49. Kf4 Ba8 50. Bc4+ Kf6 51. Bf1 1-0

[Event "NM for klubblag 2010"]
[Site "Drammen"]
[Date "2010.10.08"]
[Round "1"]
[Board "6"]
[White "Paulsen, Stig-Atle"]
[Black "Kjøita, Henning"]
[Result "0-1"]
[WhiteElo "1514"]
[BlackElo "1849"]
[PlyCount "74"]
[EventDate "2010.??.??"]
[WhiteTeam "Modum"]
[BlackTeam "1911 2"]

1. e4 c5 2. Nf3 Nc6 3. d4 cxd4 4. Nxd4 Nf6 5. Nc3 d6 6. Be2 g6 7. O-O Bg7 8.
Be3 O-O 9. Qd2 a6 10. f4 Ng4 11. Bxg4 Bxg4 12. f5 Ne5 13. h3 Nc4 14. Qe1 Nxe3
15. Qxe3 Qb6 16. f6 Bxf6 17. Rxf6 exf6 18. hxg4 Kg7 19. Rf1 Rae8 20. Rxf6 Qd8
21. Nd5 Re5 22. Rf3 Rfe8 23. Qf4 f5 24. Rh3 h5 25. gxh5 Rxe4 26. Nxf5+ gxf5 27.
h6+ Kh8 28. Qxf5 R8e6 29. Qf7 Qg8 30. Qxb7 Rg6 31. Qg7+ Qxg7 32. hxg7+ Kxg7 33.
Nc7 Re2 34. g3 Rxc2 35. Nxa6 Rxb2 36. a3 Rb3 37. Nc7 Rbxg3+ 0-1

[Event "NM for klubblag 2010"]
[Site "Drammen"]
[Date "2010.10.08"]
[Round "1"]
[Board "7"]
[White "Kjølberg, Jens Hjorth"]
[Black "Leite, Steinar"]
[Result "1-0"]
[WhiteElo "1724"]
[BlackElo "1365"]
[PlyCount "46"]
[EventDate "2010.??.??"]
[WhiteTeam "1911 2"]
[BlackTeam "Modum"]

1. e4 e5 2. Nf3 Nc6 3. Bb5 f5 4. Nc3 fxe4 5. Nxe4 Nf6 6. Qe2 d6 7. d4 Bd7 8.
dxe5 Nxe5 9. Nxe5 dxe5 10. Nxf6+ Qxf6 11. Bxd7+ Kxd7 12. Be3 a6 13. O-O-O+ Bd6
14. c4 b6 15. Qg4+ Ke8 16. Qe4 Kf7 17. h4 g6 18. h5 Qf5 19. Qc6 g5 20. Bxb6
Rab8 21. Bxc7 Rxb2 22. Kxb2 Qxf2+ 23. Ka1 Qe3 1-0

[Event "NM for klubblag 2010"]
[Site "Drammen"]
[Date "2010.10.08"]
[Round "1"]
[Board "8"]
[White "Vålerhaugen, Kjell"]
[Black "Kjøita, Torgeir"]
[Result "1-0"]
[WhiteElo "1378"]
[BlackElo "1627"]
[PlyCount "113"]
[EventDate "2010.??.??"]
[WhiteTeam "Modum"]
[BlackTeam "1911 2"]

1. d4 d5 2. c4 e6 3. Nc3 Nf6 4. Nf3 Be7 5. e3 O-O 6. Bd3 c5 7. O-O a6 8. Qc2
dxc4 9. Bxc4 b5 10. Be2 c4 11. a3 Bb7 12. b3 cxb3 13. Qxb3 Nbd7 14. Rd1 Nb6 15.
Bb2 Rc8 16. Ne5 Nfd5 17. Rac1 Nxc3 18. Bxc3 Bd5 19. Qb2 Na4 20. Qa1 Nxc3 21.
Rxc3 Qa5 22. Rdc1 Rxc3 23. Qxc3 Bxa3 24. Qxa5 Bxc1 25. Nd7 Re8 26. Qc3 Bb7 27.
Qxc1 h6 28. h4 Rc8 29. Qb2 Be4 30. Nc5 Bg6 31. Bd3 Bxd3 32. Nxd3 Rb8 33. Qb4
Rb6 34. Qc5 Rb8 35. Qc7 Re8 36. Qb7 a5 37. Ne5 Rf8 38. Qxb5 Ra8 39. Qb7 Rf8 40.
Qa7 h5 41. Qxa5 g6 42. Nf3 Re8 43. Qg5 Kg7 44. Ne5 Ra8 45. g4 Rh8 46. Qe7 Rf8
47. gxh5 gxh5 48. Qg5+ Kh7 49. Qxh5+ Kg7 50. Kf1 Kg8 51. Qh6 Rd8 52. Ng4 f5 53.
Ne5 Re8 54. Qg6+ Kh8 55. h5 f4 56. h6 fxe3 57. Qg7# 1-0

[Event "NM for klubblag 2010"]
[Site "Drammen"]
[Date "2010.10.08"]
[Round "1"]
[Board "10"]
[White "Fjellheim, Marius"]
[Black "Hansen, Torbjørn R"]
[Result "0-1"]
[WhiteElo "1378"]
[BlackElo "2413"]
[PlyCount "46"]
[EventDate "2010.??.??"]
[WhiteTeam "Akademisk 2"]
[BlackTeam "1911 1"]

1. d4 Nf6 2. Bf4 g6 3. e3 Bg7 4. Bd3 d6 5. Nf3 Nbd7 6. Nbd2 O-O 7. Qe2 Re8 8.
Bg5 e5 9. dxe5 dxe5 10. Ne4 h6 11. Bxf6 Nxf6 12. O-O-O Qe7 13. h4 Nxe4 14. Bxe4
c6 15. Nd2 Be6 16. h5 g5 17. Kb1 f5 18. Bd3 b5 19. f3 a5 20. e4 f4 21. g3 a4
22. gxf4 a3 23. b3 Qb4 0-1

[Event "NM for klubblag 2010"]
[Site "Drammen"]
[Date "2010.10.08"]
[Round "1"]
[Board "11"]
[White "Bae, Torstein"]
[Black "Tveit, Geir"]
[Result "1-0"]
[WhiteElo "2400"]
[BlackElo "1493"]
[PlyCount "39"]
[EventDate "2010.??.??"]
[WhiteTeam "1911 1"]
[BlackTeam "Akademisk 2"]

1. e4 d5 2. exd5 Nf6 3. d4 Bg4 4. Be2 Bxe2 5. Qxe2 Qxd5 6. Nf3 e6 7. c4 Qd7 8.
Nc3 c6 9. Bg5 Be7 10. O-O-O h6 11. Ne5 Qc7 12. Bf4 Nbd7 13. Ng6 Bd6 14. Bxd6
Qxd6 15. Nxh8 Ke7 16. Nxf7 Kxf7 17. g3 Re8 18. f4 Qc7 19. Rhf1 a6 20. g4 1-0

[Event "NM for klubblag 2010"]
[Site "Drammen"]
[Date "2010.10.08"]
[Round "1"]
[Board "12"]
[White "Knutsen, Henning Ardent"]
[Black "Bjerke, Silje"]
[Result "0-1"]
[WhiteElo "1233"]
[BlackElo "2185"]
[PlyCount "94"]
[EventDate "2010.??.??"]
[WhiteTeam "Akademisk 2"]
[BlackTeam "1911 1"]

1. e4 e5 2. Nf3 Nc6 3. Bc4 Nf6 4. Ng5 d5 5. exd5 Na5 6. Bb5+ c6 7. dxc6 bxc6 8.
Ba4 h6 9. Nf3 e4 10. Qe2 Be6 11. Ne5 Qd4 12. Bxc6+ Nxc6 13. Qb5 Bd7 14. Nxc6
Qd6 15. Qe5+ Qxe5 16. Nxe5 Be6 17. b3 Bd6 18. Bb2 O-O 19. O-O Nd5 20. a3 Rac8
21. c4 Nf4 22. f3 f6 23. Ng4 Bxg4 24. fxg4 Bc5+ 25. Kh1 Nd3 26. Bc3 Nf2+ 27.
Kg1 Nxg4+ 28. Kh1 e3 29. dxe3 Bxe3 30. Ra2 Rfd8 31. Bb4 Rd3 32. Nc3 Rcd8 33. h3
Ne5 34. Re2 Bd2 35. Nd5 Bxb4 36. axb4 Rxb3 37. Rd1 Kf7 38. Rxe5 fxe5 39. Rf1+
Kg6 40. Ne7+ Kh7 41. Nc6 Rd2 42. b5 e4 43. Ne5 Rbb2 44. Rg1 Rdc2 45. Kh2 e3 46.
c5 Rxb5 47. Nd3 Rd2 0-1

[Event "NM for klubblag 2010"]
[Site "Drammen"]
[Date "2010.10.08"]
[Round "1"]
[Board "13"]
[White "Ugland, Torge"]
[Black "Jacobsen, Maria Pitz"]
[Result "1/2-1/2"]
[WhiteElo "1409"]
[BlackElo "1751"]
[PlyCount "108"]
[EventDate "2010.??.??"]
[WhiteTeam "Drammens 2"]
[BlackTeam "Vålerenga"]

1. e4 e5 2. Nf3 Nc6 3. Bc4 Nf6 4. Nc3 Bc5 5. O-O d6 6. d3 Bg4 7. h3 Bh5 8. Be3
O-O 9. Na4 Bxe3 10. fxe3 d5 11. exd5 Nxd5 12. Bxd5 Qxd5 13. Nc3 Qc5 14. Qd2
Rad8 15. Ne4 Qb6 16. Qf2 f5 17. Neg5 Rf6 18. Nh4 h6 19. Ngf3 f4 20. e4 Qxf2+
21. Rxf2 g5 22. Nf5 Kh7 23. Raf1 Bxf3 24. gxf3 Nd4 25. Nxd4 Rxd4 26. b3 b5 27.
a3 Ra6 28. Ra1 h5 29. Kf1 b4 30. a4 Rg6 31. Rg2 a5 32. Kf2 Rd7 33. Rag1 Rdg7
34. Kf1 Kg8 35. Ke1 Kf7 36. Kd2 Ke7 37. c3 bxc3+ 38. Kxc3 Rc6+ 39. Kb2 Kf6 40.
h4 Rd6 41. Rxg5 Rxg5 42. Rxg5 Rxd3 43. Rxh5 Rxf3 44. Rh6+ Ke7 45. Rh5 Ke6 46.
Rh6+ Ke7 47. Rh7+ Kd6 48. h5 Re3 49. h6 Rxe4 50. Rf7 Re2+ 51. Kc3 Rh2 52. h7 c6
53. Kd3 Kd5 54. Rd7+ Ke6 1/2-1/2

[Event "NM for klubblag 2010"]
[Site "Drammen"]
[Date "2010.10.08"]
[Round "1"]
[Board "14"]
[White "Mundal, Arnold"]
[Black "Roholdt, Njaal"]
[Result "1-0"]
[WhiteElo "1794"]
[BlackElo "1334"]
[PlyCount "81"]
[EventDate "2010.??.??"]
[WhiteTeam "Vålerenga"]
[BlackTeam "Drammens 2"]

1. d4 Nf6 2. Nf3 e6 3. Bg5 Be7 4. e3 O-O 5. Bd3 c6 6. Nbd2 b5 7. a4 b4 8. Bxf6
Bxf6 9. c4 a5 10. Ne4 Be7 11. c5 d5 12. cxd6 Bf6 13. Rc1 g6 14. Nxf6+ Qxf6 15.
Ne5 Qg5 16. Qf3 Bb7 17. Be4 f5 18. Bxc6 Nxc6 19. Nxc6 Kh8 20. d5 Qf6 21. O-O
exd5 22. Qxd5 Rad8 23. Rfd1 Qxb2 24. Qe5+ Qxe5 25. Nxe5 Rf6 26. Rc7 Kg8 27.
Rxb7 Rfxd6 28. Rxd6 Rxd6 29. Kf1 Rd1+ 30. Ke2 Ra1 31. Kf3 Rxa4 32. Nc6 Ra1 33.
Rb5 Kg7 34. Nxa5 Kf6 35. Nc6 h5 36. h4 g5 37. Rxb4 Ra2 38. Rb5 gxh4 39. Nd4 f4
40. Rf5+ Kg6 41. Rxf4 1-0

[Event "NM for klubblag 2010"]
[Site "Drammen"]
[Date "2010.10.08"]
[Round "1"]
[Board "17"]
[White "Haga, Halvor"]
[Black "Johannessen, Leif E"]
[Result "0-1"]
[WhiteElo "1961"]
[BlackElo "2503"]
[PlyCount "44"]
[EventDate "2010.??.??"]
[WhiteTeam "Black Knights"]
[BlackTeam "OSS 1"]

1. e4 e6 2. d3 c5 3. Nf3 Nc6 4. g3 d5 5. Nbd2 Bd6 6. Bg2 Nge7 7. O-O O-O 8. Re1
Qc7 9. Qe2 f6 10. b3 Bd7 11. Bb2 d4 12. c3 e5 13. Nc4 Nc8 14. a4 Be7 15. Nh4 g6
16. Qd2 Nd6 17. f4 Nf7 18. cxd4 cxd4 19. Ba3 Bxa3 20. Nxa3 Qb6 21. Nc4 Qb4 22.
Nf3 Qxd2 0-1

[Event "NM for klubblag 2010"]
[Site "Drammen"]
[Date "2010.10.08"]
[Round "1"]
[Board "18"]
[White "Moen, Andreas G R"]
[Black "Levang, Pål K"]
[Result "1-0"]
[WhiteElo "2331"]
[BlackElo "1863"]
[PlyCount "67"]
[EventDate "2010.??.??"]
[WhiteTeam "OSS 1"]
[BlackTeam "Black Knights"]

1. e4 e5 2. Nf3 Nc6 3. Bb5 a6 4. Bxc6 dxc6 5. O-O Bg4 6. h3 h5 7. d3 Bxf3 8.
Qxf3 Qf6 9. Nd2 Bc5 10. Qxf6 Nxf6 11. Nf3 Bd6 12. Bd2 O-O-O 13. Bg5 Rde8 14.
Bxf6 gxf6 15. Nh4 Rhg8 16. g3 c5 17. Kg2 c6 18. a4 b6 19. Nf5 Bc7 20. Kf3 Kd7
21. Rg1 Rg6 22. Rg2 Ke6 23. b3 Rh8 24. h4 Rhg8 25. Ne3 Bd8 26. Rag1 Be7 27. g4
Bf8 28. gxh5 Rxg2 29. Rxg2 Rh8 30. Nf5 b5 31. axb5 axb5 32. Rg1 Rxh5 33. Rg8
Bh6 34. Rh8 1-0

[Event "NM for klubblag 2010"]
[Site "Drammen"]
[Date "2010.10.08"]
[Round "1"]
[Board "19"]
[White "Snellingen, Jørn"]
[Black "Trygstad, Kristian D"]
[Result "0-1"]
[WhiteElo "1843"]
[BlackElo "2295"]
[PlyCount "75"]
[EventDate "2010.??.??"]
[WhiteTeam "Black Knights"]
[BlackTeam "OSS 1"]

1. e4 c5 2. c3 Nf6 3. e5 Nd5 4. d4 cxd4 5. cxd4 e6 6. Nf3 d6 7. Bc4 Nc6 8. O-O
Be7 9. Nbd2 Nb6 10. Bb3 d5 11. a3 f5 12. exf6 Bxf6 13. Nb1 O-O 14. Re1 Bd7 15.
Nc3 Be8 16. Bc2 Qd7 17. Ng5 Bxg5 18. Bxg5 Qf7 19. Bh4 Nc4 20. Qd3 Qh5 21. Bg3
Bg6 22. Bd1 Qg5 23. Qf1 Nxd4 24. b3 Nd2 25. Re5 Qf6 26. Qe1 N2xb3 27. Bxb3 Nxb3
28. Rxe6 Qf5 29. Re5 Qg4 30. Rd1 d4 31. Nd5 Bc2 32. f3 Qd7 33. Ne7+ Kh8 34. Rd5
Qe8 35. Re5 Bxd1 36. Qxd1 Qf7 37. Qd3 Rfe8 38. Qe4 0-1

[Event "NM for klubblag 2010"]
[Site "Drammen"]
[Date "2010.10.08"]
[Round "1"]
[Board "20"]
[White "Stubberud, Ørnulf"]
[Black "Wasenius, Thomas"]
[Result "1-0"]
[WhiteElo "2310"]
[BlackElo "1238"]
[PlyCount "43"]
[EventDate "2010.??.??"]
[WhiteTeam "OSS 1"]
[BlackTeam "Black Knights"]

1. e4 e5 2. Nf3 Nf6 3. Nxe5 d6 4. Nf3 Nxe4 5. d4 d5 6. Bd3 Be7 7. O-O Nc6 8. c4
Nb4 9. Be2 Bf5 10. a3 Na6 11. Nc3 c6 12. cxd5 Nxc3 13. bxc3 Qxd5 14. Ne5 O-O
15. Bc4 Qd6 16. Qb3 Be6 17. Qxb7 Bxc4 18. Nxc4 Qc7 19. Qxa6 Rfb8 20. Ne5 Rb6
21. Qc4 Bf6 22. Bf4 1-0

[Event "NM for klubblag 2010"]
[Site "Drammen"]
[Date "2010.10.08"]
[Round "1"]
[Board "21"]
[White "Taksrud, Vidar"]
[Black "Rathan, Raksha"]
[Result "1-0"]
[WhiteElo "2025"]
[BlackElo "1445"]
[PlyCount "69"]
[EventDate "2010.??.??"]
[WhiteTeam "Tempo"]
[BlackTeam "OSS 6"]

1. e4 e5 2. Nf3 Nc6 3. Bb5 d6 4. d4 Bd7 5. O-O Be7 6. Bxc6 Bxc6 7. dxe5 dxe5 8.
Qe2 Bd6 9. Rd1 Qe7 10. Nc3 h6 11. Nd5 Bxd5 12. exd5 O-O-O 13. c4 e4 14. Nd4 Qe5
15. g3 Nf6 16. Nb5 Kb8 17. c5 Bxc5 18. Bf4 Qf5 19. Bxc7+ Ka8 20. Bxd8 Rxd8 21.
Rac1 Bb6 22. d6 Qh3 23. d7 Nxd7 24. Qd2 Qf5 25. Nd6 Qe6 26. Nc4 f5 27. Nxb6+
axb6 28. Rc7 Kb8 29. Rxd7 Rc8 30. Rd8 Ka7 31. Qb4 Qc6 32. Qa3+ Kb8 33. Qf8 Rxd8
34. Rxd8+ Ka7 35. Ra8# 1-0

[Event "NM for klubblag 2010"]
[Site "Drammen"]
[Date "2010.10.08"]
[Round "1"]
[Board "22"]
[White "Suntharalingam, Jarani"]
[Black "Skjold, Reidar"]
[Result "1-0"]
[WhiteElo "1385"]
[BlackElo "1490"]
[PlyCount "97"]
[EventDate "2010.??.??"]
[WhiteTeam "OSS 6"]
[BlackTeam "Tempo"]

1. e4 d6 2. d4 Nf6 3. Nc3 g6 4. Bg5 Bg7 5. Nf3 h6 6. Bh4 Nbd7 7. Bc4 O-O 8. O-O
e5 9. dxe5 Nxe5 10. Nxe5 dxe5 11. Qf3 Qd6 12. Rad1 Qb6 13. Bxf6 Qxf6 14. Qg3 c6
15. f4 exf4 16. Rxf4 Qg5 17. Qf2 Be6 18. Bxe6 fxe6 19. Ne2 Rxf4 20. Nxf4 Rf8
21. Nxe6 Rxf2 22. Nxg5 Rf8 23. Ne6 Rf7 24. c3 Be5 25. Rd8+ Kh7 26. Nf8+ Kg7 27.
Ne6+ Kf6 28. Nc5 Bf4 29. Rd3 b6 30. Rf3 Ke7 31. Nd3 Bc7 32. h3 Ke6 33. Kf2 Bd6
34. Ke3 c5 35. Rxf7 Kxf7 36. e5 Bc7 37. b3 Ke6 38. Ke4 g5 39. g3 Bb8 40. h4 Bc7
41. a3 Bb8 42. a4 a5 43. hxg5 hxg5 44. Kf3 Bxe5 45. Nxe5 Kxe5 46. Kg4 Kf6 47.
Kh5 Kf5 48. g4+ Kf4 49. c4 1-0

[Event "NM for klubblag 2010"]
[Site "Drammen"]
[Date "2010.10.08"]
[Round "1"]
[Board "23"]
[White "Christiansen, Steinar"]
[Black "Rødsmoen, Maud"]
[Result "0-1"]
[WhiteElo "1124"]
[BlackElo "1358"]
[PlyCount "20"]
[EventDate "2010.??.??"]
[WhiteTeam "Tempo"]
[BlackTeam "OSS 6"]

1. g3 e5 2. e4 Nf6 3. Bg2 c6 4. d3 d5 5. Bg5 Be6 6. exd5 cxd5 7. Nd2 Bc5 8. Qf3
Nbd7 9. a3 Qb6 10. Nb3 Bg4 0-1

[Event "NM for klubblag 2010"]
[Site "Drammen"]
[Date "2010.10.08"]
[Round "1"]
[Board "25"]
[White "Haarr, Jon Kristian"]
[Black "Hauge, Lars Oskar"]
[Result "1-0"]
[WhiteElo "2205"]
[BlackElo "1812"]
[PlyCount "45"]
[EventDate "2010.??.??"]
[WhiteTeam "Stavanger 2"]
[BlackTeam "OSS 4"]

1. e4 c5 2. c3 d5 3. exd5 Qxd5 4. d4 Nc6 5. Nf3 Bg4 6. dxc5 Qxd1+ 7. Kxd1 e5 8.
b4 a5 9. b5 Nd8 10. Be3 Ne6 11. c6 Bxf3+ 12. gxf3 bxc6 13. bxc6 Ne7 14. Nd2 Nc7
15. f4 exf4 16. Bxf4 Ncd5 17. c7 f6 18. Bb5+ Kf7 19. Bc4 Ke8 20. Rb1 Nxc3+ 21.
Kc2 Nxb1 22. Rxb1 Rc8 23. Be6 1-0

[Event "NM for klubblag 2010"]
[Site "Drammen"]
[Date "2010.10.08"]
[Round "1"]
[Board "26"]
[White "Suntharalingam, Jathavan"]
[Black "Steil-Antoni, Fiona"]
[Result "0-1"]
[WhiteElo "1751"]
[BlackElo "2152"]
[PlyCount "76"]
[EventDate "2010.??.??"]
[WhiteTeam "OSS 4"]
[BlackTeam "Stavanger 2"]

1. e4 d6 2. d4 Nf6 3. Bd3 e5 4. c3 d5 5. Bg5 dxe4 6. Bxe4 Be7 7. Bc2 exd4 8.
Qxd4 Qxd4 9. cxd4 h6 10. Bh4 Nc6 11. Nf3 g5 12. Bg3 g4 13. Nfd2 Nxd4 14. Bd3
Ne6 15. Nc3 c6 16. Be5 Rg8 17. O-O-O Nc5 18. Bc2 Be6 19. Kb1 O-O-O 20. Nde4
Nfxe4 21. Nxe4 Nxe4 22. Bxe4 Rxd1+ 23. Rxd1 Rd8 24. Rxd8+ Bxd8 25. Bd4 Bb6 26.
Bxb6 axb6 27. a3 Kc7 28. g3 Kd6 29. Kc2 Ke5 30. Kd3 Bf5 31. Bxf5 Kxf5 32. Kd4
Ke6 33. a4 f5 34. b3 Kd6 35. b4 c5+ 36. Kc4 Kc6 37. bxc5 bxc5 38. a5 h5 0-1

[Event "NM for klubblag 2010"]
[Site "Drammen"]
[Date "2010.10.08"]
[Round "1"]
[Board "27"]
[White "Kvisla, Johannes"]
[Black "Riiser, Samuel"]
[Result "1-0"]
[WhiteElo "2078"]
[BlackElo "1526"]
[PlyCount "73"]
[EventDate "2010.??.??"]
[WhiteTeam "Stavanger 2"]
[BlackTeam "OSS 4"]

1. Nf3 d5 2. c4 Nf6 3. d4 c6 4. Qc2 e6 5. g3 Nbd7 6. Bg2 Bd6 7. O-O O-O 8. Nbd2
b6 9. cxd5 cxd5 10. Qc6 Bb8 11. Nb3 Qc7 12. Qb5 Qc4 13. Qxc4 dxc4 14. Nfd2 Nd5
15. Nxc4 Ba6 16. Ne3 N7f6 17. Nxd5 Nxd5 18. Re1 Bb7 19. Bd2 Bd6 20. e4 Nb4 21.
e5 Bxg2 22. exd6 Nc2 23. Kxg2 Rfd8 24. Bf4 h6 25. h4 g5 26. hxg5 hxg5 27. Be5
Nxe1+ 28. Rxe1 Kh7 29. Nd2 Kg6 30. Ne4 f5 31. Nc3 Rd7 32. d5 Re8 33. Kf1 a6 34.
a4 Rb7 35. dxe6 Rxe6 36. Nd5 Re8 37. Ne7+ 1-0

[Event "NM for klubblag 2010"]
[Site "Drammen"]
[Date "2010.10.08"]
[Round "1"]
[Board "28"]
[White "Anderson, Ludvig"]
[Black "Pettersen, Joar Gullestad"]
[Result "0-1"]
[WhiteElo "887"]
[BlackElo "2051"]
[PlyCount "63"]
[EventDate "2010.??.??"]
[WhiteTeam "OSS 4"]
[BlackTeam "Stavanger 2"]

1. e4 c5 2. c3 d5 3. d3 Nc6 4. Nd2 e5 5. Ngf3 Nf6 6. Be2 Be7 7. O-O O-O 8. Re1
Re8 9. Bf1 Bf8 10. h3 h6 11. Qc2 a6 12. Nb3 b5 13. Be3 c4 14. Nbd2 d4 15. cxd4
exd4 16. Nxd4 Nxd4 17. Bxd4 Qxd4 18. dxc4 bxc4 19. Nxc4 Bb7 20. Rad1 Bxe4 21.
Bd3 Bxd3 22. Rxe8 Rxe8 23. Rxd3 Re1+ 24. Kh2 Qf4+ 25. Rg3 Rc1 26. Qd3 Rxc4 27.
b3 Rd4 28. Qxa6 Bd6 29. a4 Qxf2 30. Qc8+ Kh7 31. Qc1 Rd2 32. Qd1 0-1

[Event "NM for klubblag 2010"]
[Site "Drammen"]
[Date "2010.10.08"]
[Round "1"]
[Board "29"]
[White "Hansen, Erle Andrea Marki"]
[Black "Stenersen, Gudmund"]
[Result "1/2-1/2"]
[WhiteElo "1659"]
[BlackElo "2200"]
[PlyCount "109"]
[EventDate "2010.??.??"]
[WhiteTeam "Kristiansand"]
[BlackTeam "SOSS"]

1. d4 d5 2. Nf3 c6 3. g3 Nd7 4. Bg2 b5 5. b3 Nb6 6. Nbd2 a5 7. Bb2 Nf6 8. c4 e6
9. Qc2 Be7 10. O-O O-O 11. e4 bxc4 12. bxc4 Ba6 13. Ne5 Rc8 14. Rfe1 c5 15.
exd5 exd5 16. Ba3 Bd6 17. dxc5 Bxc5 18. Bxc5 Rxc5 19. Nb3 Rc7 20. c5 Qc8 21. c6
Nc4 22. Nxc4 Bxc4 23. Nxa5 Qa6 24. Qd2 Ra8 25. Nxc4 Qxc4 26. Rec1 Qa4 27. Bxd5
Nxd5 28. Qxd5 Rac8 29. Rab1 g6 30. Rb6 Qa7 31. Rcb1 Qa4 32. R1b4 Qa3 33. Qc4
Qf3 34. Rb3 Rxc6 35. Rxc6 Rxc6 36. Rxf3 Rxc4 37. a3 Kf8 38. Re3 Rc2 39. Kf1 Ra2
40. h3 h5 41. h4 Ra1+ 42. Ke2 Ra2+ 43. Kf3 Kg7 44. Rb3 Kf6 45. Rb6+ Kf5 46.
Rb5+ Ke6 47. Ra5 Ra1 48. a4 Ra2 49. Ke3 Kf6 50. f3 Kg7 51. Ra6 Rc2 52. Rb6 Rc3+
53. Ke2 Rc2+ 54. Ke3 Rc3+ 55. Ke2 1/2-1/2

[Event "NM for klubblag 2010"]
[Site "Drammen"]
[Date "2010.10.08"]
[Round "1"]
[Board "32"]
[White "Zachariassen, Bjarne"]
[Black "Bratsberg, Lars Ivar"]
[Result "1-0"]
[WhiteElo "1944"]
[BlackElo "1152"]
[PlyCount "41"]
[EventDate "2010.??.??"]
[WhiteTeam "SOSS"]
[BlackTeam "Kristiansand"]

1. e4 e5 2. Nf3 Nc6 3. d4 exd4 4. Nxd4 g6 5. Bc4 Bg7 6. Nxc6 bxc6 7. O-O Ne7 8.
Nd2 O-O 9. Bb3 d5 10. c3 Qd6 11. Re1 Be5 12. h3 Bh2+ 13. Kh1 Be5 14. Nf3 Bg7
15. Bg5 Re8 16. exd5 Bb7 17. dxc6 Qxd1 18. Raxd1 Nxc6 19. Rxe8+ Rxe8 20. Rd7
Nd8 21. Rxd8 1-0

[Event "NM for klubblag 2010"]
[Site "Drammen"]
[Date "2010.10.08"]
[Round "1"]
[Board "33"]
[White "Ulvnes, Roar"]
[Black "Ekeberg, Carl Fr"]
[Result "1/2-1/2"]
[WhiteElo "1945"]
[BlackElo "2252"]
[PlyCount "51"]
[EventDate "2010.??.??"]
[WhiteTeam "Nordstrand 2"]
[BlackTeam "Asker 1"]

1. e4 c5 2. Nf3 Nc6 3. d4 cxd4 4. Nxd4 Nf6 5. Nc3 e5 6. Ndb5 d6 7. Bg5 a6 8.
Na3 b5 9. Bxf6 gxf6 10. Nd5 Bg7 11. c3 f5 12. exf5 Bxf5 13. Nc2 Be6 14. g3 O-O
15. Bg2 a5 16. O-O Rb8 17. Qd2 Qd7 18. Rfe1 f5 19. Rad1 Rfd8 20. Qg5 Qf7 21.
Nf4 Ne7 22. Nxe6 Qxe6 23. Nd4 Qf6 24. Qxf6 Bxf6 25. Ne6 Rd7 26. Nc5 1/2-1/2

[Event "NM for klubblag 2010"]
[Site "Drammen"]
[Date "2010.10.08"]
[Round "1"]
[Board "34"]
[White "Nils Ragnar Grotnes, Nils Ragnar"]
[Black "Johansen, Lars"]
[Result "1-0"]
[WhiteElo "2120"]
[BlackElo "1720"]
[PlyCount "99"]
[EventDate "2010.??.??"]
[WhiteTeam "Asker"]
[BlackTeam "Nordstrand 2"]

1. d4 Nf6 2. c4 g6 3. Nc3 d5 4. cxd5 Nxd5 5. e4 Nxc3 6. bxc3 Bg7 7. Be3 c5 8.
Qd2 Nc6 9. d5 Qa5 10. Rc1 Ne5 11. h3 O-O 12. f4 Nd7 13. c4 Qc7 14. Nf3 e5 15.
dxe6 fxe6 16. e5 h6 17. h4 Rd8 18. Qc2 Nf8 19. Bd3 Kf7 20. Rh3 b6 21. Rg3 Bb7
22. Bxg6+ Kg8 23. Be4 Rd7 24. Bxb7 Qxb7 25. Nd2 Rad8 26. Ne4 Kh8 27. Nd6 Rxd6
28. exd6 Rxd6 29. Rd1 Rxd1+ 30. Kxd1 Qe7 31. Rh3 Qf6 32. h5 e5 33. f5 Ne6 34.
Qe4 Nf4 35. Bxf4 exf4 36. Qe8+ Bf8 37. Qe4 Qa1+ 38. Ke2 Qxa2+ 39. Kf3 Qb3+ 40.
Kxf4 Bd6+ 41. Kg4 Qd1+ 42. Rf3 Qd2 43. Qe8+ Kh7 44. Qg6+ Kh8 45. Kh3 Qd1 46.
Qxh6+ Kg8 47. Qg6+ Kf8 48. Qf6+ Kg8 49. Kg4 Qd2 50. Qg5+ 1-0